Eastern Utah Libraries Catalog: Duchesne, Heber, Roosevelt, & Vernal

The dead room / (Record no. 270937)

MARC details
000 -LEADER
fixed length control field 01741cam a22003014a 4500
001 - CONTROL NUMBER
control field a4733152
003 - CONTROL NUMBER IDENTIFIER
control field SIRSI
005 - DATE AND TIME OF LATEST TRANSACTION
control field 20221020064540.0
008 - FIXED-LENGTH DATA ELEMENTS--GENERAL INFORMATION
fixed length control field 071030s2008 nyu 000 1 eng
020 ## - INTERNATIONAL STANDARD BOOK NUMBER
International Standard Book Number 9780778325208
040 ## - CATALOGING SOURCE
Original cataloging agency WPB
Transcribing agency UBY
Description conventions rda
082 00 - DEWEY DECIMAL CLASSIFICATION NUMBER
Classification number F Graham
092 ## - LOCALLY ASSIGNED DEWEY CALL NUMBER (OCLC)
Classification number F Graham
100 1# - MAIN ENTRY--PERSONAL NAME
Personal name Graham, Heather.
9 (RLIN) 34885
245 14 - TITLE STATEMENT
Title The dead room /
Statement of responsibility, etc Heather Graham.
260 ## - PUBLICATION, DISTRIBUTION, ETC. (IMPRINT)
Place of publication, distribution, etc Don Mills, Ont. :
Name of publisher, distributor, etc MIRA Books :
-- 2007.
264 ## - Production, Publication, Distribution, Manufacture, and Copyright Notice.
Place of production, publication, distribution, manufacture Don Mills, Ont. :
Name of producer, publisher, distributor, manufacturer MIRA Books :
Date of production, publication, distribution, manufacture, or copyr 2007.
336 ## - Content Type
Content type term text
337 ## - Media type
Media type term unmediated
338 ## - Carrier type
Carrier type term volume
520 ## - SUMMARY, ETC.
Summary, etc A year ago, archaeologist Leslie MacIntyre barely survived the lower Manhattan explosion of Hastings House that killed Matt, her fiancé. In the ensuing months, she's had to come to terms with not only her loss, but with her unsettling new ability to communicate with ghosts. Now Leslie has returned to the site of the explosion to conquer her fears, and investigate a newly discovered burial ground. In this place, restless spirits hold the secrets of past injustice--and a very real conspiracy with deadly designs on the city's women. By night, Matt visits Leslie's dreams, sometimes offering clues. But by day, it's Matt's cousin Joe who she is helped by--and attracted to. As she is drawn closer to the heart of darkness that is Hastings House, she must face the power of an evil mind alone in a place where not even the men she loves can save her.
583 ## - ACTION NOTE
Action cat
651 #0 - SUBJECT ADDED ENTRY--GEOGRAPHIC NAME
Geographic name New York (N.Y.)
Form subdivision Fiction.
9 (RLIN) 5673704
655 #0 - INDEX TERM--GENRE/FORM
Genre/form data or focus term Detective and mystery stories, American.
9 (RLIN) 6398871
655 #0 - INDEX TERM--GENRE/FORM
Genre/form data or focus term Suspense fiction, American.
9 (RLIN) 5679149
655 #0 - INDEX TERM--GENRE/FORM
Genre/form data or focus term Paranormal fiction, American
9 (RLIN) 5891339
942 ## - ADDED ENTRY ELEMENTS (KOHA)
Source of classification or shelving scheme Dewey Decimal Classification
Koha item type BOOK
Holdings
Withdrawn status Lost status Source of classification or shelving scheme Damaged status Not for loan Collection code Home library Current library Shelving location Date acquired Source of acquisition Cost, normal purchase price Total Checkouts Total Renewals Full call number Barcode Date last seen Date checked out Cost, replacement price Price effective from Koha item type
    Dewey Decimal Classification     Fiction Wasatch County Library Wasatch County Library First Floor 03/22/2011 Donation 25.00 11 2 F Graham 34301001000142 02/29/2024 08/06/2022 25.00 03/20/2020 BOOK
This project was made possible through a grant from the Institute of Museum and Library Service administered by the Utah State Library Division.

Wasatch County Library

  • 465 East 1200 South, Heber City, Utah 84032
  • Phone 435-654-1511 | Fax 435-654-6456

Hours

  • Monday - Friday 9:30 AM - 8:00 PM
  • Saturday 9:30 AM - 1:30 PM
  • Closed Sundays and Holidays